Városfejlesztési elképzelések társadalmi megítélésének vizsgálata

Following the principles, involving inhabitants is important in the period of conception in urban planning. The presented research is interesting because public opinions on actual planning ideas were also surveyed. The paper uses multivariate statistical methods on data from the Szeged Studies surve...

Teljes leírás

Elmentve itt :
Bibliográfiai részletek
Szerző: Nagy Ilona
Testületi szerző: Országos Tudományos Diákköri Konferencia (34.) (2019) (Szeged)
Dokumentumtípus: Könyv része
Megjelent: 2019
Sorozat:Tanulmányok a társadalomról 4
Tanulmányok a társadalomról IV. : a Szegedi Tudományegyetem JGYPK ATIKI Alkalmazott Társadalomtudományok Tanszék, ETSZK Szociális Munka és Szociálpolitika Tanszék, és a BTK Szociológia Tanszék tudományos diákköri munkái 4
Kulcsszavak:Városfejlesztés - Magyarország - regionális, Településfejlesztés - Magyarország - regionális
Tárgyszavak:
Online Access:http://acta.bibl.u-szeged.hu/69426
LEADER 02087naa a2200241 i 4500
001 acta69426
005 20220216081209.0
008 200703s2019 hu o 0|| hun d
020 |a 978-615-00-5056-0 
040 |a SZTE Egyetemi Kiadványok Repozitórium  |b hun 
041 |a hun 
100 1 |a Nagy Ilona 
245 1 0 |a Városfejlesztési elképzelések társadalmi megítélésének vizsgálata  |h [elektronikus dokumentum] /  |c  Nagy Ilona 
260 |c 2019 
300 |a 210-248 
490 0 |a Tanulmányok a társadalomról  |v 4 
490 0 |a Tanulmányok a társadalomról IV. : a Szegedi Tudományegyetem JGYPK ATIKI Alkalmazott Társadalomtudományok Tanszék, ETSZK Szociális Munka és Szociálpolitika Tanszék, és a BTK Szociológia Tanszék tudományos diákköri munkái  |v 4 
520 3 |a Following the principles, involving inhabitants is important in the period of conception in urban planning. The presented research is interesting because public opinions on actual planning ideas were also surveyed. The paper uses multivariate statistical methods on data from the Szeged Studies surveys, and researches the rating means, relations of projects, and the reasons for the differences in judgements, focusing on influences of social variables and spatiality, presented QGIS software. The principal components of ideas can be marked according to association of residential ratings. Main groups of projects can be described by the opinions of inhabitants. Differences can be researched using cluster variables and social variables. In sight of the spatiality of projects, the means of public ratings can be presented in space too, and the main types of clusters in the city can be calculated. 
650 4 |a Társadalomtudományok 
650 4 |a Társadalom- és gazdaságföldrajz 
695 |a Városfejlesztés - Magyarország - regionális, Településfejlesztés - Magyarország - regionális 
710 |a Országos Tudományos Diákköri Konferencia (34.) (2019) (Szeged) 
856 4 0 |u http://acta.bibl.u-szeged.hu/69426/1/tanulmanyok_a_tarsadalomrol_004_210-248.pdf  |z Dokumentum-elérés